Comprender a Bultmann / (Registro nro. 46275)

Detalles MARC
000 -LEADER
campo de control de longitud fija 00570nam a2200181 i 4500
001 - NÚMERO DE CONTROL
campo de control 46275
003 - IDENTIFICADOR DE NÚMERO DE CONTROL
campo de control ES-MaACL
005 - FECHA Y HORA DE LA ÚLTIMA TRANSACCIÓN
campo de control 20230906161344.0
007 - CAMPO FIJO DE DESCRIPCIÓN FÍSICA--INFORMACIÓN GENERAL
campo de control de longitud fija t|
008 - DATOS DE LONGITUD FIJA--INFORMACIÓN GENERAL
campo de control de longitud fija 030328s1971 sp ||||1| spa d
245 00 - MENCIÓN DEL TÍTULO
Título Comprender a Bultmann /
Mención de responsabilidad, etc. Karl Barth ... [et al.] ; traducción del francés por Eloy Requena.
260 ## - PUBLICACIÓN, DISTRIBUCIÓN, ETC.
Lugar de publicación, distribución, etc. Madrid :
Nombre del editor, distribuidor, etc. Studium,
Fecha de publicación, distribución, etc. [1971]
300 ## - DESCRIPCIÓN FÍSICA
Extensión 159 p. ;
Dimensiones 21 cm.
600 14 - PUNTO DE ACCESO ADICIONAL DE MATERIA--NOMBRE DE PERSONA
Nombre de persona Bultmann, Rudolf-
Subdivisión general Crítica e interpretación.
9 (RLIN) 140109
700 1# - ENTRADA AGREGADA--NOMBRE PERSONAL
Nombre de persona Barth, Karl.
9 (RLIN) 26105
700 1# - ENTRADA AGREGADA--NOMBRE PERSONAL
Nombre de persona Requena, Eloy.
9 (RLIN) 96289
852 ## - LOCALIZACIÓN
Ubicación ES-MaACL
Número de control de estantería C-45156
Sublocalización o colección R.79593
Existencias
Estatus retirado Estado de pérdida Estado de daño No para préstamo Biblioteca de origen Biblioteca actual Ubicación en estantería Fecha de adquisición Fuente de adquisición Total de préstamos Signatura topográfica completa Código de barras Visto por última vez Precio de reemplazo Tipo de ítem Koha
        Biblioteca del Ateneo de Madrid Biblioteca del Ateneo de Madrid Depósito 2 17/01/2008     C-45156 1048672 23/02/2023 23/02/2023 Libro impreso